5 steps to A 5 AP environmental science : (Record no. 4615)
[ view plain ]
| 000 -LEADER | |
|---|---|
| fixed length control field | 00800nam a22002172 4500 |
| 001 - CONTROL NUMBER | |
| control field | 0000025147 |
| 005 - DATE AND TIME OF LATEST TRANSACTION | |
| control field | 20151217145951.0 |
| 008 - FIXED-LENGTH DATA ELEMENTS--GENERAL INFORMATION | |
| fixed length control field | 150122s xx 000 0 eng d |
| 020 ## - INTERNATIONAL STANDARD BOOK NUMBER | |
| International Standard Book Number | 0071802604 : |
| 040 ## - CATALOGING SOURCE | |
| Original cataloging agency | KABU |
| Transcribing agency | KABU |
| 100 1# - MAIN ENTRY--PERSONAL NAME | |
| Personal name | Williams, Linda D. |
| -- | 0000185582 |
| 245 10 - TITLE STATEMENT | |
| Title | 5 steps to A 5 AP environmental science : |
| Remainder of title | 2014-2015 / |
| Statement of responsibility, etc. | by Linda D. Williams. |
| 260 ## - PUBLICATION, DISTRIBUTION, ETC. (IMPRINT) | |
| Place of publication, distribution, etc. | New York : |
| Name of publisher, distributor, etc. | McGraw-Hill, |
| Date of publication, distribution, etc. | 2015. |
| 300 ## - PHYSICAL DESCRIPTION | |
| Extent | xviii, 285 p. |
| 650 #0 - SUBJECT ADDED ENTRY--TOPICAL TERM | |
| Topical term or geographic name as entry element | Environmental sciences |
| Form subdivision | Examinations, study guides. |
| -- | 0000185583 |
| 650 #0 - SUBJECT ADDED ENTRY--TOPICAL TERM | |
| Topical term or geographic name as entry element | Environmental sciences |
| Form subdivision | Examinations, study guides. |
| -- | 0000185583 |
| 650 #0 - SUBJECT ADDED ENTRY--TOPICAL TERM | |
| Topical term or geographic name as entry element | Colleges and Universities |
| General subdivision | Entrance examinations, study guides. |
| -- | 0000185584 |
| 852 1# - LOCATION | |
| -- | p1828.80 KES |
| 908 ## - PUT COMMAND PARAMETER (RLIN) | |
| Put command parameter | 150122 |
| 950 ## - LOCAL HOLDINGS (RLIN) | |
| -- | 1 |
| Withdrawn status | Lost status | Source of classification or shelving scheme | Not for loan | Home library | Current library | Date acquired | Total Checkouts | Full call number | Barcode | Date last seen | Date last checked out | Price effective from | Koha item type |
|---|---|---|---|---|---|---|---|---|---|---|---|---|---|
| Library of Congress Classification | Kabarak, Main Campus | Kabarak, Main Campus | 17/12/2015 | 1 | GE76 .W55 2013 c. 1 | 017250 | 26/05/2022 | 14/06/2019 | 17/12/2015 | General Collection |